| 000 | 01019nam a2200241 a 4500 | ||
|---|---|---|---|
| 001 | 000035373 | ||
| 005 | 20200930074308.0 | ||
| 008 | 111028s1984 ag 000 f spa d | ||
| 020 | _a9501502945 | ||
| 040 |
_aDO-SdBNP _bspa _cBNPHU |
||
| 041 | 1 | 7 |
_aspa _heng |
| 100 | 1 |
_aAuel, Jean _961182 |
|
| 245 | 1 | 3 |
_aEl valle de los caballos / _cJean Auel ; traducción Raúl Acuña. |
| 260 |
_aBuenos Aires : _bJavier Vergara Editor, _c1984. |
||
| 300 |
_a338 p ; _c20 cm. |
||
| 490 | 0 |
_aLos hijos de la tierra ; _v3 |
|
| 500 | _aLa saga "Los hijos de la tierra" se compone de siguientes libros: El Clan del Oso Cavernario, La Cazadora, El Valle de los Caballos, El Encuentro, Los cazadores de mamuts, Las llanuras del tránsito, Los refugios de piedra, La Tierra de las cuevas pintadas. | ||
| 500 | _aTít. original: The valley of the horses | ||
| 650 | 2 | 4 |
_aLiteratura estadounidense _9263 |
| 650 | 2 | 4 |
_aNovela estadounidense _9262 |
| 700 | 1 |
_aAcuña, Raúl, _etrad. _961183 |
|
| 830 | 4 |
_aLos hijos de la tierra ; _n3 _961185 |
|
| 999 |
_c34864 _d34864 |
||